|
|
|
|
| LEADER |
01516cam a2200337 a 4500 |
| 001 |
623 |
| 003 |
BD-DhAAL |
| 005 |
20150903145638.0 |
| 008 |
150903s1998 ii b 10100 eng |
| 010 |
|
|
|a 98900324
|
| 020 |
|
|
|a 8122005012
|
| 040 |
|
|
|a ANL
|b eng
|d ANL
|d BD-DhAAL
|
| 050 |
0 |
0 |
|a HC437.I5
|b A87 1998
|
| 082 |
|
|
|a 306.0954
|
| 245 |
0 |
0 |
|a Aspiring to be :
|b the tribal, indigenous condition /
|c edited by B.K. Roy Burman, B.G. Verghese ; foreword by Soli J. Sorabjee.
|
| 260 |
|
|
|a Delhi :
|b Konark Publishers,
|c c1998.
|
| 300 |
|
|
|a xi, 365 p. ;
|c 22 cm.
|
| 500 |
|
|
|a "Under the auspices of Commonwealth Human Rights Initiative, New Delhi and Minority Rights Groups, London."
|
| 504 |
|
|
|a Includes bibliographical references and index.
|
| 520 |
|
|
|a Papers presented at a Workshop on the Rights of Tribal and Indigenous Peoples held in New Delhi, February 23 to 25, 1996.
|
| 541 |
|
|
|e 623
|
| 651 |
|
0 |
|a India
|x Scheduled tribes
|x Social conditions.
|9 14388
|
| 651 |
|
0 |
|a India
|x Scheduled tribes
|x Economic conditions.
|9 14389
|
| 700 |
1 |
|
|a Roy Burman, B. K.
|9 14390
|
| 700 |
1 |
|
|a Verghese, B. G.
|9 14391
|
| 710 |
2 |
|
|a Commonwealth Human Rights Initiative.
|9 14392
|
| 710 |
2 |
|
|a Minority Rights Group.
|9 14393
|
| 711 |
2 |
|
|a Workshop on the Rights of Tribal and Indigenous Peoples
|d (1996 :
|c New Delhi, India)
|9 14394
|
| 942 |
|
|
|2 ddc
|c BK
|
| 999 |
|
|
|c 35425
|d 35425
|
| 952 |
|
|
|0 0
|1 0
|2 ddc
|4 0
|6 306_095400000000000_ASP
|7 0
|9 55713
|a SCL
|b SCL
|c GEN
|d 2015-09-03
|g 225.00
|l 0
|o 306.0954 ASP
|p 3020000623
|r 2015-09-03
|t 1
|w 2015-09-03
|y BK
|